000 00653nam a2200217 i 4500
001 bg
100 1 _aKWIATKOWSKI, Włodzimierz
245 1 0 _aWprowadzenie do automatyki /
_cWłodzimierz Kwiatkowski.
260 _aWarszawa :
_bInstytut Automatyki i Robotyki. Wydział Cybernetyki. Wojskowa Akademia Techniczna,
_c2005.
300 _a216 s. :
_brys., wykr. ;
_c25 cm.
504 _aBibliogr. - Indeks.
650 9 _aAutomatyka
655 _aPodręczniki akademickie
020 _a8391675351
040 _cBPK
041 0 _apol
080 _a681.5(075.8)
920 _a83-916753-5-1
942 _cKS
008 s pl f |000 0 pol
999 _c46913
_d46913
856 _uhttp://koha.tu.koszalin.pl/cgi-bin/koha/opac-detail.pl?biblionumber=46913
_yKatalog online BPK